Electronic principles (Record no. 3804)

000 -LEADER
fixed length control field 00418nam a22001937a 4500
001 - CONTROL NUMBER
control field 3804
003 - CONTROL NUMBER IDENTIFIER
control field BD-DhUET
008 - FIXED-LENGTH DATA ELEMENTS--GENERAL INFORMATION
fixed length control field 0
020 ## - INTERNATIONAL STANDARD BOOK NUMBER
International Standard Book Number 007099479X
040 ## - CATALOGING SOURCE
Transcribing agency 0
Modifying agency BD-DhUET
082 ## - DEWEY DECIMAL CLASSIFICATION NUMBER
Classification number 623.81
Item number MAL/1984
100 ## - MAIN ENTRY--PERSONAL NAME
Personal name Malvino, Albert Paul
245 ## - TITLE STATEMENT
Title Electronic principles
250 ## - EDITION STATEMENT
Edition statement 3rd ed.
260 ## - PUBLICATION, DISTRIBUTION, ETC. (IMPRINT)
Place of publication, distribution, etc. New York
Name of publisher, distributor, etc. McGraw-Hill
Date of publication, distribution, etc. 1984
300 ## - PHYSICAL DESCRIPTION
Extent xiv, 754 p.
Other physical details ill.
650 #0 - SUBJECT ADDED ENTRY--TOPICAL TERM
Topical term or geographic name as entry element Electronics
942 ## - ADDED ENTRY ELEMENTS (KOHA)
Koha item type General Book
Holdings
Lost status Koha full call number Sublocation or collection (holding branch) Piece designation (barcode) Koha date last borrowed Source of classification or shelving scheme Price effective from Location (home branch) Withdrawn status Not for loan Shelving location Date acquired Koha normalized classification for sorting Koha date last seen Koha item type Copy number Damaged status Koha issues (times borrowed)
 623.81/MAL/1984Central Library, BUET79623  2014-11-05Central Library, BUET  Circulation section2014-11-05623_810000000000000_MAL_19842014-11-05General Book1  
 623.81/MAL/1984Central Library, BUET79815  2014-11-05Central Library, BUET  Circulation section2014-11-05623_810000000000000_MAL_19842014-11-05General Book2  
 623.81/MAL/1984Central Library, BUET798132021-09-07 2014-11-05Central Library, BUET  Circulation section2014-11-05623_810000000000000_MAL_19842022-03-05General Book3 3
 623.81/MAL/1984Central Library, BUET79814  2014-11-05Central Library, BUET  Circulation section2014-11-05623_810000000000000_MAL_19842014-11-05General Book4  
 623.81/MAL/1984Central Library, BUET79624  2014-12-01Central Library, BUET  Circulation section2014-12-01623_810000000000000_MAL_19842014-12-01General Book5  
 623.81/MAL/1984Central Library, BUET69392  2015-02-12Central Library, BUET  Circulation section2015-02-12623_810000000000000_MAL_19842015-02-12General Book6  
 623.81/MAL/1984Central Library, BUET76926  2015-06-28Central Library, BUET  Reading section2015-06-28623_810000000000000_MAL_19842015-06-28Reading Item7  
 623.81/MAL/1984Central Library, BUET64232  2015-07-01Central Library, BUET  Reading section2015-07-01623_810000000000000_MAL_19842015-07-01Reading Item8  
 623.81/MAL/1984Central Library, BUET64233  2015-07-01Central Library, BUET  Reading section2015-07-01623_810000000000000_MAL_19842015-07-01Reading Item9